| 000 | 01576nam a2200313 i 4500 | ||
|---|---|---|---|
| 999 |
_c65262 _d65262 |
||
| 001 | 768714001 | ||
| 003 | CO-MdFUSB | ||
| 005 | 20191022090750.0 | ||
| 008 | 190927t2002 ck |||| |||| 00| 0 spa d | ||
| 020 | _a9587040236 | ||
| 040 |
_aCO-MdFUSB _bspa _cCO-MdFUSB _dCO-MdFUSBC _erda |
||
| 041 | _aspa | ||
| 082 |
_223 _a303.669861 _bG633 |
||
| 100 |
_aGómez Nadal, Paco. _eautor |
||
| 245 | 4 |
_aLos muertos no hablan. _c/ Paco Gómez Nadal. |
|
| 264 | 1 |
_aBogotá, Colombia : _bAguilar, _c[2002] |
|
| 264 | 4 | _c© 2002 | |
| 300 |
_a231 páginas _c; 22 cm |
||
| 336 |
_2rdacontent _atexto _btxt |
||
| 337 |
_2rdamedia _asin mediación _bn |
||
| 338 |
_2rdacarrier _avolumen _bnc |
||
| 505 | _a¿Cómo nos hemos podido acostumbrar a esto? -- Los testigos del pueblo fantasma. -- ¿Es que somos invisibles? -- A Dios le toca esperar. -- Esto no tiene fin. -- La vida, o la cuerda floja del sinsentido. -- Resistir en la esquina más rica de América. -- Estrellas aferradas a la selva. -- Epílogo. -- La pobreza de la paz. -- Seis piedras para sacar la piedra. -- Fantasmas en el recuerdo. / Ramón Lobo. -- Pisando cadáveres. / Alfonso Armada.-- La nada de la realidad inferior. / Rymel Eduardo Serrano -- Los vivos contra la muerte. / Gervasio Sánchez. -- El periodismo, una búsqueda constante de héroes anónimos. /Javier Arboleda García -- La vida se llama Yina. / Germán Castro Caicedo | ||
| 563 | _aRústico | ||
| 650 | 0 |
_2embne _9397 _aViolencia _zColombia |
|
| 653 | _aGuerra en Colombia. | ||
| 653 | _aViolencia en Bojayá | ||
| 942 | _cBK | ||
| 945 | _aJTF-925 | ||